| 000 | 00804cam a22002535a 4500 | ||
|---|---|---|---|
| 001 | L159753 | ||
| 008 | 150226s2016 xxk f 000 0 eng d | ||
| 035 | _a(Sirsi) u159753 | ||
| 041 | 0 | _aeng | |
| 100 | 1 | _aFrew McMillan, Alex | |
| 245 | 0 | 0 | _aYear of the mouse |
| 260 | _c2016 | ||
| 490 |
_aModus _vJuly - August 2016, 26-28 (4) |
||
| 520 | _aReports on the unique challenge of creating Disneyland in Shanghai. Use of BIM, VR, web-based collaboration and virtual meetings are just some of the more interesting aspects of this project. | ||
| 590 | _aKA | ||
| 650 | 2 | 4 | _aDISNEYLAND |
| 650 | 2 | 4 | _aTHEME PARKS |
| 650 | 2 | 4 |
_aBIM _96219 |
| 650 | 2 | 4 | _aVIRTUAL REALITY |
| 650 | 2 | 4 | _aDESIGN MANAGE AND CONSTRUCT |
| 651 | 4 | _aChina | |
| 690 | _aBUILDING AND CONSTRUCTION-PROJECTS | ||
| 942 |
_n0 _2ddc |
||
| 999 |
_c84960 _d84960 |
||